Paris Babylon : the story of the Paris Commune /

Bibliographic Details
Main Author: Christiansen, Rupert
Format: Book
Language:English
Published: New York : Viking, 1994.
Subjects:

MARC

Tag First Indicator Second Indicator Subfields
LEADER 00000cam a22000008a 4500
001 in00001234917
005 20151003060912.0
008 940727s1994 nyua b 001 0 eng
010 |a  94032711  
020 |a 067083131X 
035 |a (OCoLC)30915663 
035 |9 AGS2877AM 
040 |a DLC  |c DLC  |d PAP  |d GZM  |d UtOrBLW 
043 |a e-fr--- 
049 |a TXAM 
050 0 0 |a DC316  |b .C47 1995 
082 0 0 |a 944.081/2  |2 20 
090 |a DC316  |b .C47 1994 
100 1 |a Christiansen, Rupert. 
245 1 0 |a Paris Babylon :  |b the story of the Paris Commune /  |c Rupert Christiansen. 
263 |a 9503 
264 1 |a New York :  |b Viking,  |c 1994. 
300 |a ix, 434 pages :  |b illustrations ;  |c 25 cm. 
336 |a text  |b txt  |2 rdacontent 
337 |a unmediated  |b n  |2 rdamedia 
338 |a volume  |b nc  |2 rdacarrier 
504 |a Includes bibliographical reference and index. 
651 0 |a Paris (France)  |x History  |y Commune, 1871  |x Causes. 
651 0 |a Paris (France)  |x Moral conditions  |x History  |y 19th century. 
650 0 |a Franco-Prussian War, 1870-1871  |x Influence. 
999 |a MARS 
999 f f |s 0388acbd-63a6-3b16-93a5-eafb34322bf8  |i b589ff9e-0919-35d0-ba45-8bb55ddee260  |t 0 
952 f f |p normal  |a Texas A&M University  |b College Station  |c Sterling C. Evans Library  |d Evans: Library Stacks  |t 0  |e DC316 .C47 1994  |h Library of Congress classification  |i unmediated -- volume  |m A14819284244 
998 f f |a DC316 .C47 1994  |t 0  |l Evans: Library Stacks